000 00352nam a2200145Ia 4500
008 210210b1939 xxu||||| |||| 00| 0 eng d
041 _aeng
082 _a492/6
100 _aMAHVI (Muhammad Husayn)
245 _aDiwan-i-Azfari
260 _aMadras
_bUniversity of Madras
_c1939
650 _aDiwan-i-Azfari
690 _aLanguage
906 _a007045
999 _c141085
_d141085